000 00302nam a2200121Ia 4500
008 231129s1992||||xx |||||||||||||| ||spa||
082 _aER- 603
100 _aVallejo Restrepo Gonzalo
245 0 _aAsí­ se creó Risaralda
260 _c1992
264 _aMedellí­n: Lealon 1992
942 _2ddc
_cBKS
999 _c5706
_d5706